Martín Lutero 1483-1983
Saved in:
| Main Authors: | , |
|---|---|
| Format: | Bog |
| Sprog: | spansk |
| Udgivet: |
Salamanca
Universidad Pontificia-Fundación Friedrich Ebert
1984
|
| Serier: | Bibliotheca Oecumenica Salmanticensis, 9
|
| Fag: | |
| Tags: |
Tilføj Tag
Ingen Tags, Vær først til at tagge denne postø!
|
MARC
| LEADER | 00000nam a2200000 a 4500 | ||
|---|---|---|---|
| 001 | UCX5079 | ||
| 003 | CL-VaPUC | ||
| 008 | 920908e19840000SP |||||||||||||||||spa|d | ||
| 082 | 0 | 4 | |a 284.109224 |b KON |2 21 |
| 100 | 0 | |a Koniecki, Dieter |e author |9 321402 | |
| 600 | 0 | |a Lutero, Martín |d 1483-1546 |9 859309 | |
| 700 | 0 | |a Almarza-Meñica, Juan Manuel |e author |9 321403 | |
| 245 | 1 | 0 | |a Martín Lutero 1483-1983 |
| 300 | |a 253 p | ||
| 942 | |c BK | ||
| 945 | |d 19920908 00:00:00 | ||
| 260 | |a Salamanca |b Universidad Pontificia-Fundación Friedrich Ebert |c 1984 | ||
| 650 | 0 | |a Crítica e interpretación |9 255042 | |
| 583 | |a last modification |c 19920908 00:00:00 |k Rodrigo Vera | ||
| 490 | 0 | |a Bibliotheca Oecumenica Salmanticensis, 9 | |
| 999 | |c 225424 |d 225422 | ||
| 952 | |0 0 |1 0 |4 0 |6 284_109224000000000_KON_1984 |7 0 |8 P |9 222924 |a BIBEDU |b BIBEDU |c BIBEDU_PB |d 2019-11-15 |i 291719K |o 284.109224 KON 1984 |p 291719K |r 2024-01-25 |w 2019-11-15 |y BK |k FIL | ||